Statistiques concernant Trouver l'ensemble des pays par point le plus au nord

Cliquez ici pour prendre le quiz!

Statistiques générales

  • Ce quiz a été pris 108 fois
    (81 depuis la dernière actualisation)
  • Le résultat moyen est 56 sur 195

Statistiques - réponses

Réponse% Correct
Europe/AsieRussie
100%
AmériqueCanada
98%
EuropeDanemark
92%
AmériqueEtats Unis
92%
EuropeNorvège
90%
EuropeFinlande
88%
EuropeSuede
88%
EuropeIslande
80%
EuropeRoyaume Uni
78%
EuropeEstonie
76%
EuropeLettonie
76%
EuropeLituanie
76%
EuropeBielorussie
74%
EuropeIrlande
70%
AsieKazakhstan
70%
EuropePologne
66%
EuropeAllemagne
64%
EuropePays Bas
64%
EuropeFrance
62%
EuropeRépublique Tchèque
62%
EuropeAutriche
60%
EuropeBelgique
60%
EuropeHongrie
60%
EuropeSlovaquie
60%
EuropeUkraine
60%
AsieChine
58%
EuropeLiechtenstein
58%
EuropeLuxembourg
58%
EuropeSlovénie
58%
EuropeSuisse
58%
EuropeCroatie
56%
AsieMongolie
56%
EuropeSerbie
56%
EuropeItalie
54%
EuropeMoldavie
54%
AsieOuzbekistan
54%
EuropeRoumanie
54%
EuropeBosnie Herzegovine
50%
EuropeEspagne
50%
AsieJapon
48%
EuropeBulgarie
44%
EuropeMonaco
44%
EuropeMontenégro
44%
EuropeSaint Marin
44%
EuropeAndorre
42%
AsieGéorgie
42%
EuropeKosovo
42%
AsieTurquie
42%
AfriqueAlgérie
40%
EuropeGrece
40%
EuropeMalte
40%
AfriqueMaroc
40%
AfriqueTunisie
40%
EuropeAlbanie
38%
AsieKirghizistan
38%
EuropePortugal
38%
AfriqueEgypte
36%
AfriqueLibye
36%
EuropeMacédoine du Nord
36%
AmériqueMexique
36%
EuropeVatican
36%
AsieCorée du Nord
34%
AsieTurkménistan
34%
AfriqueMauritanie
32%
AsieArménie
30%
AsieAzerbaidjan
30%
OcéanieNouvelle Zélande
30%
AmériqueArgentine
28%
AmériqueBahamas
28%
AfriqueLesotho
28%
AfriqueAfrique du Sud
26%
AsieIran
26%
AfriqueMali
26%
AmériqueParaguay
26%
AsieTadjikistan
26%
AmériqueUruguay
26%
AmériqueChili
24%
AfriqueNiger
24%
AmériquePérou
24%
AfriqueSoudan
24%
AsieSyrie
24%
AmériqueBolivie
22%
AmériqueBrésil
22%
AsieChypre
22%
AmériqueCuba
22%
AmériqueEquateur
22%
AfriqueEswatini
22%
AmériqueGuyana
22%
AmériqueSuriname
22%
AfriqueTchad
22%
AsieAfghanistan
20%
AmériqueBelize
20%
AfriqueBotswana
20%
AsieCorée du Sud
20%
AmériqueHaiti
20%
AsieInde
20%
AsieIrak
20%
AmériqueJamaique
20%
AsieLiban
20%
AsiePakistan
20%
AmériqueRepublique Dominicaine
20%
AsieArabie Saoudite
18%
AfriqueÉrythrée
18%
AmériqueGuatemala
18%
AsieIsrael
18%
AsieNépal
18%
AmériquePanama
18%
AmériqueTrinité et Tobago
18%
AsieVietnam
18%
AfriqueZimbabwe
18%
AsieBhoutan
16%
AfriqueComores
16%
AmériqueCosta Rica
16%
AmériqueHonduras
16%
AsieJordanie
16%
AsieKoweit
16%
AsieLaos
16%
AfriqueMaurice
16%
AfriqueMozambique
16%
AfriqueNamibie
16%
OcéanieNauru
16%
AsieOman
16%
OcéaniePalaos
16%
AmériqueSalvador
16%
AfriqueSénégal
16%
AfriqueZambie
16%
OcéanieAustralie
14%
AsieBahrein
14%
AsieBangladesh
14%
AfriqueCap Vert
14%
AfriqueMadagascar
14%
OcéanieMarshall
14%
AsieMyanmar
14%
AmériqueNicaragua
14%
AsieQatar
14%
AmériqueSainte Lucie
14%
AmériqueSaint Vincent et les Grenadines
14%
OcéanieSamoa
14%
OcéanieVanuatu
14%
AfriqueAngola
12%
AmériqueAntigua et Barbuda
12%
AmériqueBarbade
12%
AmériqueDominique
12%
AsieEmirats Arabes Unis
12%
OcéanieFidji
12%
AfriqueGambie
12%
AmériqueGrenade
12%
AsieIndonésie
12%
AfriqueMalawi
12%
AsiePhilippines
12%
AmériqueSaint Christophe et Niévès
12%
OcéanieSalomon
12%
AsieTaiwan
12%
AsieTimor Oriental
12%
OcéanieTonga
12%
AsieBrunei
10%
AfriqueBurkina Faso
10%
AfriqueBurundi
10%
AmériqueColombie
10%
AfriqueCongo
10%
AfriqueEthiopie
10%
OcéanieKiribati
10%
AsieMalaisie
10%
AsieMaldives
10%
OcéanieMicronésie
10%
AfriqueNigeria
10%
AfriqueRwanda
10%
AsieSingapour
10%
AfriqueTanzanie
10%
AsieThailande
10%
AsieYemen
10%
AsieCambodge
8%
AfriqueGabon
8%
AfriqueGuinée Equatoriale
8%
AfriqueOuganda
8%
OcéaniePapouasie-Nouvelle-Guinée
8%
AfriqueRépublique démocratique du Congo
8%
AfriqueSeychelles
8%
AsieSri Lanka
8%
OcéanieTuvalu
8%
AfriqueBénin
6%
AfriqueCameroun
6%
AfriqueDjibouti
6%
AfriqueKenya
6%
AfriqueLibéria
6%
AfriqueRépublique centrafricaine
6%
AfriqueSao Tomé-et-Principe
6%
AfriqueSierra Leone
6%
AfriqueSomalie
6%
AmériqueVenezuela
6%
AfriqueCote d'Ivoire
4%
AfriqueGhana
4%
AfrqiueGuinée
4%
AfriqueGuinée Bissau
4%
AfriqueTogo
4%

Distribution des résultats

Percentile par nombre de réponses

% des personnes avec chaque résultat

Votre développement - résultats

Vous n’avez pas pris ce quiz depuis la dernière actualisation